| 000 | 00518nam a2200205Ia 4500 | ||
|---|---|---|---|
| 008 | 180523s9999 xx 000 0 und d | ||
| 020 | _a978-0-7-173885-9 | ||
| 050 | _aMAIN HF 5636 | ||
| 050 | _b.W56 2011 | ||
| 100 | _aWink, Geri B. | ||
| 245 | 0 | _aIntermediate accounting demystified / | |
| 245 | 0 | _cGeri B. Wink, Laurie Corradino. | |
| 260 | _aNew York : | ||
| 260 | _bMcGraw-Hill, | ||
| 260 | _c2011 | ||
| 300 | _a382 pages : | ||
| 300 | _c23 cm. | ||
| 500 | _aIncludes index. | ||
| 650 | _aAccounting. | ||
| 999 |
_c357193 _d357193 |
||